000 00684nam a2200229 a 4500
001 BRL_1398
005 20190320211202.0
008 100114s1984----u--ao#####---#000-0#eng-#
020 _a089013179
041 _aeng
044 _au
050 4 _aF1465.3.C8
_b.B49 1984
245 1 0 _aBeyond boundaries
_bhighland maya dress at the Museum of International Folk Art.
260 _aSanta Fe, New Mexico
_bInternational Folk Art Foundation
_c1984
300 _a40 p.
_bil., fotogfrafías
_c28 cm.
500 _aAu1623
650 1 4 _aMayas
_xRopa
_926777
650 1 4 _aMayas
_xIndumentaria
_926530
710 2 _aMuseum of International Folk Art
_926778
902 _aGRL
942 _2lcc
_cB
999 _c10209
_d10209